Ensiklopedia sejarah dan kebudayaan Melayu (Record no. 117)
[ view plain ]
| 000 -LEADER | |
|---|---|
| fixed length control field | nam a22 a 4500 |
| 003 - CONTROL NUMBER IDENTIFIER | |
| control field | AKMAL |
| 005 - DATE AND TIME OF LATEST TRANSACTION | |
| control field | 20170418153714.0 |
| 008 - FIXED-LENGTH DATA ELEMENTS--GENERAL INFORMATION | |
| fixed length control field | 170418s19941999my e e a001 0 may d |
| 020 ## - INTERNATIONAL STANDARD BOOK NUMBER | |
| International Standard Book Number | 9836242465 (jil. 1) : |
| Terms of availability | RM1,110.00 |
| 020 ## - INTERNATIONAL STANDARD BOOK NUMBER | |
| International Standard Book Number | 9836252169 (jil. 2) |
| 020 ## - INTERNATIONAL STANDARD BOOK NUMBER | |
| International Standard Book Number | 9836252177 (jil. 3) |
| 020 ## - INTERNATIONAL STANDARD BOOK NUMBER | |
| International Standard Book Number | 9836252185 (jil. 4) |
| 020 ## - INTERNATIONAL STANDARD BOOK NUMBER | |
| International Standard Book Number | 9836252193 (jil. 5) |
| 040 ## - CATALOGING SOURCE | |
| Original cataloging agency | AKMAL |
| 082 04 - DEWEY DECIMAL CLASSIFICATION NUMBER | |
| Classification number | 959.003 SEJ |
| Edition number | 22 |
| 090 00 - LOCALLY ASSIGNED LC-TYPE CALL NUMBER (OCLC); LOCAL CALL NUMBER (RLIN) | |
| Classification number (OCLC) (R) ; Classification number, CALL (RLIN) (NR) | 959.003 |
| Local cutter number (OCLC) ; Book number/undivided call number, CALL (RLIN) | SEJ |
| 245 00 - TITLE STATEMENT | |
| Title | Ensiklopedia sejarah dan kebudayaan Melayu |
| 250 ## - EDITION STATEMENT | |
| Edition statement | Ed. ke-2 |
| 260 ## - PUBLICATION, DISTRIBUTION, ETC. | |
| Place of publication, distribution, etc. | Kuala Lumpur : |
| Name of publisher, distributor, etc. | Dewan Bahasa dan Pustaka, |
| Date of publication, distribution, etc. | 1999 |
| 300 ## - PHYSICAL DESCRIPTION | |
| Extent | 5 jil. : |
| Other physical details | il. wrn. ; |
| Dimensions | 29cm. |
| 500 ## - GENERAL NOTE | |
| General note | Mengandungi indeks |
| 505 0# - FORMATTED CONTENTS NOTE | |
| Formatted contents note | Kandungan : Jil. 1 - A-E. - Jil. 2 - F-L. - Jil. 4 - R-Z. - Jil. 5 - Indeks |
| 650 10 - SUBJECT ADDED ENTRY--TOPICAL TERM | |
| Topical term or geographic name entry element | Malay language |
| General subdivision | Encyclopedias |
| Geographic subdivision | Asia, Southeastern |
| 9 (RLIN) | 292 |
| 650 20 - SUBJECT ADDED ENTRY--TOPICAL TERM | |
| Topical term or geographic name entry element | Malays (Asian people) |
| General subdivision | Encyclopedias |
| 9 (RLIN) | 293 |
| 650 20 - SUBJECT ADDED ENTRY--TOPICAL TERM | |
| Topical term or geographic name entry element | Encyclopedias and dictionaries, Malay |
| 9 (RLIN) | 198 |
| 651 #0 - SUBJECT ADDED ENTRY--GEOGRAPHIC NAME | |
| Geographic name | Malay Archipelago |
| General subdivision | Civilization |
| -- | Encyclopedias |
| 9 (RLIN) | 294 |
| 710 2# - ADDED ENTRY--CORPORATE NAME | |
| Corporate name or jurisdiction name as entry element | Dewan Bahasa dan Pustaka |
| 9 (RLIN) | 295 |
| 942 ## - ADDED ENTRY ELEMENTS (KOHA) | |
| Source of classification or shelving scheme | |
| Koha item type | Book |
| Withdrawn status | Lost status | Source of classification or shelving scheme | Damaged status | Not for loan | Collection code | Home library | Current library | Shelving location | Date acquired | Inventory number | Total Checkouts | Full call number | Barcode | Date last seen | Price effective from | Koha item type |
|---|---|---|---|---|---|---|---|---|---|---|---|---|---|---|---|---|
| NON-FICTION | AKMAL Melaka | AKMAL Melaka | PINJAMAN | 18.04.2017 | 900405 (Jil.1: A-E) | 959.003 SEJ | 201700199 | 18.04.2017 | 18.04.2017 | Book | ||||||
| NON-FICTION | AKMAL Melaka | AKMAL Melaka | PINJAMAN | 18.04.2017 | 900406 (Jil.2: F-L) | 959.003 SEJ | 201700198 | 18.04.2017 | 18.04.2017 | Book | ||||||
| NON-FICTION | AKMAL Melaka | AKMAL Melaka | PINJAMAN | 18.04.2017 | 900407 (Jil.3: M-Q) | 959.003 SEJ | 201700201 | 18.04.2017 | 18.04.2017 | Book | ||||||
| NON-FICTION | AKMAL Melaka | AKMAL Melaka | PINJAMAN | 18.04.2017 | 900408 (Jil.4: R-Z) | 959.003 SEJ | 201700202 | 18.04.2017 | 18.04.2017 | Book | ||||||
| NON-FICTION | AKMAL Melaka | AKMAL Melaka | PINJAMAN | 18.04.2017 | 900409 (Jil.5: INDEKS) | 959.003 SEJ | 201700200 | 18.04.2017 | 18.04.2017 | Book |
